Fundamentals of Modern Unsteady Aerodynamics

In this textbook, the author introduces the concept of unsteady aerodynamics and its underlying principles. He provides the readers with a full review of fundamental physics of the free and the forced unsteadines, the terminology and basic equations of aerodynamics ranging from incompressible flow t...

Full description

Bibliographic Details
Main Author: Gülçat, Ülgen (Author)
Corporate Author: SpringerLink (Online service)
Format: Electronic eBook
Language:English
Published: Berlin, Heidelberg : Springer Berlin Heidelberg : Imprint: Springer, 2011.
Subjects:
Online Access:Full Text via HEAL-Link
LEADER 02562nam a22005055i 4500
001 978-3-642-14761-6
003 DE-He213
005 20151111193000.0
007 cr nn 008mamaa
008 101013s2011 gw | s |||| 0|eng d
020 |a 9783642147616  |9 978-3-642-14761-6 
024 7 |a 10.1007/978-3-642-14761-6  |2 doi 
040 |d GrThAP 
050 4 |a TL787-4050.22 
072 7 |a TRP  |2 bicssc 
072 7 |a TTDS  |2 bicssc 
072 7 |a TEC002000  |2 bisacsh 
082 0 4 |a 629.1  |2 23 
100 1 |a Gülçat, Ülgen.  |e author. 
245 1 0 |a Fundamentals of Modern Unsteady Aerodynamics  |h [electronic resource] /  |c by Ülgen Gülçat. 
264 1 |a Berlin, Heidelberg :  |b Springer Berlin Heidelberg :  |b Imprint: Springer,  |c 2011. 
300 |a XII, 341 p.  |b online resource. 
336 |a text  |b txt  |2 rdacontent 
337 |a computer  |b c  |2 rdamedia 
338 |a online resource  |b cr  |2 rdacarrier 
347 |a text file  |b PDF  |2 rda 
505 0 |a INTRODUCTION -- FUNDAMENTAL EQUATIONS -- INCOMPRESSIBLE FLOW ABOUT AN AIRFOIL -- INCOMPRESSIBLE FLOW ABOUT THIN WINGS -- SUBSONIC and SUPERSONIC FLOWS -- TRANSONIC FLOW -- HYPERSONIC FLOW -- MODERN SUBJECTS -- AERODYNAMICS: The OUTLOOK for the FUTURE. 
520 |a In this textbook, the author introduces the concept of unsteady aerodynamics and its underlying principles. He provides the readers with a full review of fundamental physics of the free and the forced unsteadines, the terminology and basic equations of aerodynamics ranging from incompressible flow to hypersonics. The book also covers the modern topics concerning the developments made during the last years, especially in relation to wing flappings for propulsion. The book is written for graduate and senior year undergraduate students in Aerodynamics, and it serves as a reference for experienced researchers. Each chapter includes ample examples, questions, problems and relevant references. 
650 0 |a Engineering. 
650 0 |a Numerical analysis. 
650 0 |a Fluids. 
650 0 |a Fluid mechanics. 
650 0 |a Aerospace engineering. 
650 0 |a Astronautics. 
650 1 4 |a Engineering. 
650 2 4 |a Aerospace Technology and Astronautics. 
650 2 4 |a Fluid- and Aerodynamics. 
650 2 4 |a Numerical Analysis. 
650 2 4 |a Engineering Fluid Dynamics. 
710 2 |a SpringerLink (Online service) 
773 0 |t Springer eBooks 
776 0 8 |i Printed edition:  |z 9783642147609 
856 4 0 |u http://dx.doi.org/10.1007/978-3-642-14761-6  |z Full Text via HEAL-Link 
912 |a ZDB-2-ENG 
950 |a Engineering (Springer-11647)